Transistor: poesie /

Saved in:
Bibliografiske detaljer
Hovedforfatter: Cannillo, Luigi
Format: Bog
Sprog:engelsk
Udgivet: Novara Tempo Sensibile stampa 1985
Serier:I quaderni 14
Tags: Tilføj Tag
Ingen Tags, Vær først til at tagge denne postø!

MARC

LEADER 00000nam a2200000 4500
001 CDOM0000002110
003 mi
005 20250903122734.0
008 250903b |||||||| |||| 00| 0 eng d
040 |c mi 
100 |a Cannillo, Luigi 
245 1 |a Transistor:   |b poesie /  |c Luigi Cannillo 
260 |a Novara  |b Tempo Sensibile  |c stampa 1985 
300 |a 61 p.  |c 21 cm. 
490 |a I quaderni  |v 14 
942 |2 ddc  |c BK 
952 |0 0  |1 0  |2 ddc  |4 0  |6 B_LPS01CANLUTRAN11  |7 0  |9 5791  |a MI  |b MI  |d 2006-03-07  |i 4284  |l 0  |o B-LPS01-CANLU-TRAN11  |p CDOM4284  |r 2025-07-13 16:28:00  |w 2025-07-13  |x DONO  |y BK 
999 |c 4626  |d 4626